|
|
|
|
| LEADER |
00000nam a2200000 4500 |
| 008 |
160128bsf cr ||||| |||| 00| | spa d |
| 090 |
|
|
|a 04.02.01
|b 2293
|
| 110 |
2 |
|
|9 1381
|a Instituto de Estudios Interdisciplinarios de la Niñez y la Adolescencia (Costa Rica)
|
| 245 |
1 |
0 |
|a Instrumentos guía para la realización del debido proceso
|
| 260 |
|
|
|a [Heredia, Costa Rica] :
|b UNA. INEINA,
|c sin fecha
|
| 300 |
|
|
|a 20 páginas
|
| 500 |
|
|
|a Título tomado de la cubierta
|
| 650 |
1 |
4 |
|9 570
|a DERECHOS DEL NIÑO
|
| 650 |
1 |
4 |
|9 332
|a ESTUDIANTES
|
| 942 |
|
|
|i 004077
|h 04.02.01 2293
|2 z
|c 01
|
| 999 |
|
|
|c 3057
|d 3057
|